El pendón isidoriano de Baeza y su cofradía / (Record no. 131524)

MARC details
000 -LEADER
campo de control de longitud fija 00692nam a2200193 i 4500
001 - NÚMERO DE CONTROL
campo de control 131524
003 - IDENTIFICADOR DE NÚMERO DE CONTROL
campo de control ES-MaACL
005 - FECHA Y HORA DE LA ÚLTIMA TRANSACCIÓN
campo de control 20230906194011.0
007 - CAMPO FIJO DE DESCRIPCIÓN FÍSICA--INFORMACIÓN GENERAL
campo de control de longitud fija t|
008 - DATOS DE LONGITUD FIJA--INFORMACIÓN GENERAL
campo de control de longitud fija 070214s1963 sp |||| | spa d
080 ## - NÚMERO DE LA CLASIFICACIÓN DECIMAL UNIVERSAL
Número de la Clasificación Decimal Universal 946.814 Baeza"1147"(042)
100 1# - ENTRADA PRINCIPAL--NOMBRE DE PERSONA
Nombre de persona Rodríguez Fernández, Justiniano.
9 (RLIN) 98517
245 13 - MENCIÓN DEL TÍTULO
Título El pendón isidoriano de Baeza y su cofradía /
Mención de responsabilidad, etc. Justiniano Rodríguez Fernández.
260 ## - PUBLICACIÓN, DISTRIBUCIÓN, ETC.
Lugar de publicación, distribución, etc. León :
Nombre del editor, distribuidor, etc. [Diputación Provincial de León, Servicio de Publicaciones],
Fecha de publicación, distribución, etc. 1963 (
Fabricante Imp. Provincial)
300 ## - DESCRIPCIÓN FÍSICA
Extensión 48 p. ;
Dimensiones 24 cm.
650 #4 - PUNTO DE ACCESO ADICIONAL DE MATERIA--TÉRMINO DE MATERIA
Término de materia o nombre geográfico como elemento de entrada Baeza, Batalla de, 1147.
9 (RLIN) 162022
710 1# - ENTRADA AGREGADA--NOMBRE DE ENTIDAD CORPORATIVA
Nombre de entidad corporativa o nombre de jurisdicción como elemento de entrada León (Provincia).
Unidad subordinada Diputación Provincial.
9 (RLIN) 5494
852 ## - LOCALIZACIÓN
Ubicación ES-MaACL
Número de control de estantería 2019-F-31
Holdings
Estatus retirado Estado de pérdida Estado de daño No para préstamo Colección Biblioteca de origen Biblioteca actual Ubicación en estantería Fecha de adquisición Fuente de adquisición Total de préstamos Signatura topográfica completa Código de barras Visto por última vez Precio de reemplazo Tipo de ítem Koha
        Colección de folletos Biblioteca del Ateneo de Madrid Biblioteca del Ateneo de Madrid Depósito folletos 17/01/2008     2019-F-31 1136924 23/02/2023 23/02/2023 Folleto